LDR 00835naa#a2200193#i#450# 001 EN\INFRA-M\bibl\122589 005 20260630110734.2 011 ## _a2712-9640 100 ## _a20260610b2026####ek#y0engy0150####ca 102 ## _aRU 200 1# _aThe mid-latitude atmosphere of the European-Asian Region during Forbush decreases in cosmic rays _eJournal article 210 1# _aMoscow _cINFRA-M Academic Publishing LLC. _d2026 215 ## _a8 с. 608 ## _aJournal article _2local 675 ## _aКосмические лучи. Первичные космические лучи. 524.1 _aПроходящие магнитные явления: изменения, колебания и бури. 550.385 _z 700 #1 _aYanchukovsky _gValery Leonidovich 700 #1 _aKuzmenko _gVasiliy Sergeevich 700 #1 _aKhisamov _gRashit Zamaltdinovich 856 4# _anaukaru.ru _u